[Event "FRA-ch Seniors"]
[Site "Nimes"]
[Date "2014.08.28"]
[Round "11"]
[White "Goldenberg, Richard"]
[Black "Birens, Eric Andre"]
[Result "1-0"]
[WhiteElo "2275"]
[BlackElo "1885"]
[PlyCount "97"]
[EventDate "2014.08.17"]
[EventType "swiss"]
[EventRounds "11"]
[EventCountry "FRA"]
[SourceTitle "EXT 2017"]
[Source "ChessBase"]
[SourceDate "2016.10.25"]
[SourceVersion "1"]
[SourceVersionDate "2016.10.25"]
[SourceQuality "1"]

1. d4 Nf6 2. Bg5 Ne4 3. Bf4 c5 4. f3 Qa5+ 5. c3 Nf6 6. d5 d6 7. e4 g6 8. Na3 Bg7 9. Nc4 Qd8 10. a4 0-0 11. Qd2 Re8 12. Ne2 b6 13. Bh6 Ba6 14. Ng3 Bxc4 15. Bxc4 a6 16. h4 Nbd7 17. Bxg7 Kxg7 18. h5 Ne5 19. Be2 b5 20. f4 Ned7 21. hxg6 fxg6 22. axb5 axb5 23. Rxa8 Qxa8 24. Bxb5 Rb8 25. c4 Rxb5 26. cxb5 Qa4 27. 0-0 c4 28. Qd4 Kg8 29. e5 Ne8 30. b6 Qb3 31. Ne4 Qxb6 32. Qxb6 Nxb6 33. Nc3 Nc7 34. Rd1 Kf7 35. Kf2 Na6 36. Ke3 Nb4 37. g4 dxe5 38. fxe5 Nd3 39. Kd4 Nf4 40. Rf1 g5 41. e6+ Ke8 42. Kc5 Nc8 43. Kxc4 Kd8 44. Rh1 Ng2 45. Rxh7 Ne3+ 46. Kc5 Nxg4 47. Nb5 Nf6 48. Rh8+ Ne8 49. Rg8 1-0

[Event "La Rosiere op"]
[Site "Bourg Saint Maurice"]
[Date "2013.08.31"]
[Round "7"]
[White "Olivier, Jean Christophe"]
[Black "Birens, Eric Andre"]
[Result "1-0"]
[WhiteElo "2351"]
[BlackElo "1939"]
[PlyCount "59"]
[EventDate "2013.08.25"]
[EventType "swiss"]
[EventRounds "7"]
[EventCountry "FRA"]
[SourceTitle "EXT 2015"]
[Source "ChessBase"]
[SourceDate "2014.11.20"]
[SourceVersion "1"]
[SourceVersionDate "2014.11.20"]
[SourceQuality "1"]

1. e4 c5 2. Nf3 d6 3. d4 cxd4 4. Nxd4 Nf6 5. Nc3 a6 6. Be2 e5 7. Nb3 Be7 8. f4 0-0 9. g4 exf4 10. Bxf4 Be6 11. g5 Ne8 12. Qd2 Nc6 13. 0-0-0 Ne5 14. Nd5 Bxd5 15. exd5 Rc8 16. h4 Nc7 17. Bxe5 dxe5 18. d6 Bxd6 19. Qxd6 Qe8 20. Qd7 Ne6 21. Bg4 f5 22. gxf6 Rxc2+ 23. Kxc2 Qg6+ 24. Qd3 Qxg4 25. Rhg1 Qxh4 26. fxg7 Rc8+ 27. Kb1 Qf6 28. Nd2 Nf4 29. Ne4 Qf7 30. Qd8+ 1-0

[Event "FRA-ch Seniors"]
[Site "Pau"]
[Date "2012.08.17"]
[Round "4"]
[White "Rundstrom, Douglas"]
[Black "Birens, Eric Andre"]
[Result "0-1"]
[WhiteElo "1808"]
[BlackElo "1955"]
[PlyCount "120"]
[EventDate "2012.08.14"]
[EventType "swiss"]
[EventRounds "11"]
[EventCountry "FRA"]
[SourceTitle "EXT 2013"]
[Source "ChessBase"]
[SourceDate "2012.11.22"]
[SourceVersion "1"]
[SourceVersionDate "2012.11.22"]
[SourceQuality "1"]

1. d4 Nf6 2. c4 c5 3. d5 e6 4. Nc3 exd5 5. Nxd5 Nxd5 6. cxd5 g6 7. Qc2 d6 8. e4 Bg7 9. Nf3 0-0 10. Bd3 b5 11. 0-0 Bd7 12. Re1 Na6 13. Bf1 Re8 14. Bg5 Qc7 15. Rac1 Rab8 16. a3 Bg4 17. Nd2 h6 18. Be3 Qe7 19. f3 Bd7 20. Nb3 f5 21. exf5 Bxf5 22. Qd2 Qf8 23. g4 Bd7 24. Kg2 Nc7 25. Na5 Kh7 26. b4 Re5 27. bxc5 Rxd5 28. Qc2 dxc5 29. Bxc5 Qg8 30. Bd3 Ne6 31. Bxg6+ Kh8 32. Be3 Nd4 33. Bxd4 Bxd4 34. Qe4 Bg7 35. Nc6 Bxc6 36. Rxc6 Re5 37. Qb1 Rxe1 38. Qxe1 Qa2+ 39. Kg3 Qd5 40. Qe4 Qxe4 41. Bxe4 a5 42. Rc2 b4 43. axb4 axb4 44. Bf5 Bc3 45. f4 Kg7 46. Kf3 Kf6 47. Be4 Rd8 48. h4 Rh8 49. g5+ hxg5 50. fxg5+ Ke5 51. g6 Rf8+ 52. Kg4 Kxe4 53. Re2+ Kd3 54. Rg2 b3 55. Rg3+ Kc2 56. Rg2+ Bd2 57. Rxd2+ Kxd2 58. h5 b2 59. g7 Rf1 60. h6 b1Q 0-1

[Event "Zagreb op-B"]
[Site "Zagreb"]
[Date "2012.03.05"]
[Round "1"]
[White "Birens, Eric Andre"]
[Black "Havas, Ladislav"]
[Result "0-1"]
[WhiteElo "1992"]
[BlackElo "2257"]
[PlyCount "78"]
[EventDate "2012.03.05"]
[EventType "swiss"]
[EventRounds "9"]
[EventCountry "CRO"]
[SourceTitle "CBM 147 Extra"]
[Source "ChessBase"]
[SourceDate "2012.04.24"]
[SourceVersion "1"]
[SourceVersionDate "2012.04.24"]
[SourceQuality "1"]

1. d4 Nf6 2. c4 g6 3. Nc3 Bg7 4. e4 d6 5. f4 0-0 6. Nf3 c5 7. d5 e6 8. Be2 exd5 9. cxd5 Bg4 10. 0-0 Re8 11. h3 Bxf3 12. Bxf3 Nbd7 13. Be3 Qa5 14. Kh1 b5 15. a3 Rac8 16. Qc2 a6 17. e5 dxe5 18. f5 Qc7 19. fxg6 hxg6 20. Rad1 Qd6 21. Qd2 c4 22. Bh6 Nc5 23. Bxg7 Kxg7 24. Qg5 Rcd8 25. Ne2 Nh7 26. Qe3 f5 27. g3 Nf6 28. Bg2 Rh8 29. Kg1 Nd3 30. Nc3 Nxb2 31. Rb1 Nd3 32. Rf3 Qxa3 33. Rxf5 gxf5 34. Qg5+ Kf7 35. Qxf5 Qxc3 36. Qe6+ Kg7 37. Rf1 Qd4+ 38. Kh2 Ng4+ 39. Kh1 Ndf2+ 0-1

[Event "FRA-ch Seniors"]
[Site "Caen"]
[Date "2011.08.27"]
[Round "11"]
[White "Ruch, Bernard"]
[Black "Birens, Eric Andre"]
[Result "0-1"]
[WhiteElo "1994"]
[BlackElo "1997"]
[PlyCount "128"]
[EventDate "2011.08.16"]
[EventType "swiss"]
[EventRounds "11"]
[EventCountry "FRA"]
[SourceTitle "CBM 144 Extra"]
[Source "ChessBase"]
[SourceDate "2011.10.28"]
[SourceVersion "1"]
[SourceVersionDate "2011.10.28"]
[SourceQuality "1"]

1. d4 Nf6 2. Bg5 Ne4 3. Bf4 c5 4. f3 Qa5+ 5. c3 Nf6 6. d5 d6 7. e4 b5 8. Nd2 g6 9. Bd3 Bg7 10. Ne2 0-0 11. 0-0 Nbd7 12. b3 Nh5 13. Be3 Ne5 14. b4 cxb4 15. cxb4 Qa3 16. Nb3 Nxd3 17. Qxd3 Qxb4 18. Rab1 Qc4 19. Qxc4 bxc4 20. Nbd4 Ba6 21. Nc6 Rfe8 22. g4 Nf6 23. Kg2 e6 24. dxe6 fxe6 25. Nxa7 Rf8 26. Kg3 d5 27. e5 Nd7 28. f4 g5 29. Nc6 c3 30. Rfe1 gxf4+ 31. Bxf4 c2 32. Rbc1 Bd3 33. Ned4 Nc5 34. g5 Ra4 35. h4 Rc4 36. Kg4 Ra8 37. h5 Raa4 38. Be3 Bf5+ 39. Kf3 Nd3 40. Ne7+ Kf7 41. Nexf5 Nxe1+ 42. Rxe1 exf5 43. e6+ Ke8 44. Nxf5 Bf8 45. g6 hxg6 46. hxg6 Rg4 47. e7 Bxe7 48. g7 Rae4 49. Rh1 Kd7 50. Bc1 Bf6 51. Rh2 Ke6 52. Nh6 Rxg7 53. Rxc2 Rc4 54. Re2+ Kd7 55. Bd2 Re7 56. Rg2 Rc2 57. Ng4 Bc3 58. Bxc3 Rxc3+ 59. Kf4 Re4+ 60. Kf5 Rf3+ 61. Kg5 Kd6 62. Rh2 Rg3 63. Rh4 Kc5 64. Kf5 Kb4 0-1

[Event "FRA-ch Seniors"]
[Site "Caen"]
[Date "2011.08.17"]
[Round "2"]
[White "Birens, Eric Andre"]
[Black "Mounier, Michel"]
[Result "0-1"]
[WhiteElo "1997"]
[BlackElo "1829"]
[PlyCount "100"]
[EventDate "2011.08.16"]
[EventType "swiss"]
[EventRounds "11"]
[EventCountry "FRA"]
[SourceTitle "CBM 144 Extra"]
[Source "ChessBase"]
[SourceDate "2011.10.28"]
[SourceVersion "1"]
[SourceVersionDate "2011.10.28"]
[SourceQuality "1"]

1. d4 d5 2. c4 e6 3. Nc3 Nf6 4. Bg5 Be7 5. e3 c6 6. Nf3 0-0 7. Bd3 b6 8. 0-0 dxc4 9. Bxc4 Ba6 10. Qb3 Nd5 11. Bxe7 Qxe7 12. a3 Bxc4 13. Qxc4 b5 14. Nxd5 exd5 15. Qc3 f6 16. b4 Rc8 17. a4 Na6 18. Rfb1 Qb7 19. Ne1 Nc7 20. Nd3 bxa4 21. Nc5 Nb5 22. Qd3 Qe7 23. Rxa4 Nd6 24. h3 f5 25. Qc2 g6 26. Nd3 Nc4 27. Nf4 Qe4 28. Qxe4 fxe4 29. b5 Nb6 30. Ra6 c5 31. dxc5 Rxc5 32. Ne6 Rc2 33. Nd4 Rc7 34. Nc6 Rb7 35. Rba1 Nc8 36. Nd4 Rb6 37. Rxb6 Nxb6 38. Nc6 Nc8 39. Kf1 Kf8 40. Ke2 Ke8 41. Kd2 Kd7 42. Kc3 a6 43. Kd4 Nb6 44. Ne5+ Kd6 45. Rxa6 Rxa6 46. bxa6 Nc8 47. Nf7+ Ke6 48. Ng5+ Kd6 49. Nxh7 Na7 50. g4 Nb5# 0-1

[Event "FRA-RUS Seniors"]
[Site "Paris"]
[Date "2010.11.07"]
[Round "9"]
[White "Kuritsin, Vasily M"]
[Black "Birens, Eric Andre"]
[Result "1-0"]
[WhiteElo "2054"]
[BlackElo "2056"]
[PlyCount "41"]
[EventDate "2010.11.06"]
[EventType "team-match"]
[EventRounds "10"]
[EventCountry "FRA"]
[SourceTitle "EXT 2012"]
[Source "ChessBase"]
[SourceDate "2011.11.24"]
[SourceVersion "1"]
[SourceVersionDate "2011.11.24"]
[SourceQuality "1"]

1. e4 c5 2. Nc3 Nc6 3. g3 g6 4. d3 Bg7 5. Be3 d6 6. Qd2 h5 7. h3 f5 8. Bg2 Rb8 9. Nge2 Nd4 10. Nf4 Kf7 11. 0-0 Nf6 12. Nfe2 Nxe2+ 13. Nxe2 h4 14. exf5 gxf5 15. Bg5 hxg3 16. fxg3 c4 17. Qe3 cxd3 18. cxd3 Qb6 19. Qxb6 axb6 20. Rac1 Bd7 21. Rc7 1-0

[Event "Bol op"]
[Site "Bol"]
[Date "2010.09.17"]
[Round "5"]
[White "Kolak, Mate"]
[Black "Birens, Eric Andre"]
[Result "0-1"]
[WhiteElo "1723"]
[BlackElo "2024"]
[PlyCount "42"]
[EventDate "2010.09.14"]
[EventType "swiss"]
[EventRounds "9"]
[EventCountry "CRO"]
[SourceTitle "CBM 138 Extra"]
[Source "ChessBase"]
[SourceDate "2010.10.29"]
[SourceVersion "1"]
[SourceVersionDate "2010.10.29"]
[SourceQuality "1"]

1. e4 c5 2. Bc4 e6 3. Nf3 Nc6 4. d4 cxd4 5. Nxd4 d6 6. c3 Nf6 7. Qe2 Be7 8. 0-0 0-0 9. Nxc6 bxc6 10. e5 Nd5 11. exd6 Bxd6 12. Be3 Nxe3 13. Qxe3 Bxh2+ 14. Kxh2 Qh4+ 15. Qh3 Qxc4 16. Rh1 h6 17. Na3 Qe2 18. Qg3 Rd8 19. Qc7 Ba6 20. Rac1 Qxf2 21. Qxc6 Qf4+ 0-1

[Event "Pula op 24th"]
[Site "Pula"]
[Date "2010.06.19"]
[Round "1"]
[White "Birens, Eric Andre"]
[Black "Felgaer, Ruben Alejandro"]
[Result "0-1"]
[WhiteElo "2021"]
[BlackElo "2585"]
[PlyCount "74"]
[EventDate "2010.06.19"]
[EventType "swiss"]
[EventRounds "9"]
[EventCountry "CRO"]
[SourceTitle "CBM 137 Extra"]
[Source "ChessBase"]
[SourceDate "2010.09.01"]
[SourceVersion "1"]
[SourceVersionDate "2010.09.01"]
[SourceQuality "1"]

1. d4 Nf6 2. c4 g6 3. Nc3 Bg7 4. e4 d6 5. Be2 0-0 6. Nf3 c5 7. d5 e6 8. 0-0 Re8 9. Qc2 Na6 10. h3 exd5 11. cxd5 Nb4 12. Qd1 Nxe4 13. Nxe4 Rxe4 14. a3 Nxd5 15. Bd3 Re7 16. Bxg6 hxg6 17. Qxd5 Be6 18. Qd1 Bc4 19. Re1 Rxe1+ 20. Qxe1 Qe8 21. Be3 Bxb2 22. Rb1 Bg7 23. Qd2 Qe4 24. Rd1 Bb3 25. Ng5 Qc6 26. Rc1 Re8 27. h4 Bd5 28. Rd1 Bxg2 29. Qxd6 Qxd6 30. Rxd6 Bc6 31. Nh3 c4 32. Nf4 c3 33. Nd3 c2 34. Bd2 Bf8 35. Rd4 Bxa3 36. Rc4 Rd8 37. Rc3 Be7 0-1

[Event "FRA-ch Veterans"]
[Site "Belfort"]
[Date "2010.??.??"]
[Round "5"]
[White "Birens, Eric Andre"]
[Black "Jouhaneau, Jacques"]
[Result "0-1"]
[WhiteElo "2024"]
[BlackElo "1819"]
[PlyCount "137"]
[EventDate "2010.08.10"]
[EventType "swiss"]
[EventRounds "11"]
[EventCountry "FRA"]
[SourceTitle "CBM 138 Extra"]
[Source "ChessBase"]
[SourceDate "2010.10.29"]
[SourceVersion "1"]
[SourceVersionDate "2010.10.29"]
[SourceQuality "1"]

1. d4 Nf6 2. c4 e5 3. dxe5 Ng4 4. e4 Nxe5 5. f4 Ng6 6. Nf3 Nc6 7. Be3 Bb4+ 8. Nbd2 d6 9. Bd3 0-0 10. 0-0 Bc5 11. Qe1 Bxe3+ 12. Qxe3 Qf6 13. g3 Qxb2 14. h4 Qb6 15. Kf2 Re8 16. h5 Nf8 17. Rfe1 Bg4 18. Rab1 Qxe3+ 19. Rxe3 b6 20. Rh1 Nd7 21. Rh4 f5 22. exf5 Rxe3 23. Kxe3 Re8+ 24. Kf2 Nf6 25. Nh2 Bxh5 26. g4 Bf7 27. g5 Nb4 28. Bb1 Nd7 29. f6 gxf6 30. Bxh7+ Kg7 31. Bf5 Nf8 32. a3 Nc6 33. Nhf3 Ne7 34. gxf6+ Kxf6 35. Bd3 Bg6 36. f5 Bxf5 37. Bxf5 Nxf5 38. Rf4 Kg6 39. Ne4 Ne6 40. Rg4+ Kf7 41. Neg5+ Nxg5 42. Nxg5+ Ke7 43. Ne4 Kd8 44. Rf4 Ne7 45. Ke3 Rh8 46. Kd4 c5+ 47. Kc3 d5 48. Nd2 d4+ 49. Kb3 Kc8 50. Rf7 Re8 51. Ne4 Kd7 52. Ka4 a6 53. Rh7 Rd8 54. Rh6 Nc8 55. Nf6+ Kc7 56. Rh7+ Kc6 57. Ne4 Nd6 58. Rh6 b5+ 59. cxb5+ axb5+ 60. Kb3 c4+ 61. Kc2 Kd5 62. Nd2 Re8 63. Rh5+ Re5 64. Rh2 Ne4 65. Nf3 d3+ 66. Kc1 Rf5 67. Rh3 c3 68. Nh2 d2+ 69. Kc2 0-1

[Event "FRA-ch Veterans"]
[Site "Pau"]
[Date "2008.08.17"]
[Round "6"]
[White "Birens, Eric Andre"]
[Black "Vaisman, Volodia"]
[Result "0-1"]
[WhiteElo "2054"]
[BlackElo "2348"]
[PlyCount "124"]
[EventDate "2008.08.11"]
[EventType "swiss"]
[EventRounds "9"]
[EventCountry "FRA"]
[SourceTitle "CBM 126 Extra"]
[Source "ChessBase"]
[SourceDate "2008.11.05"]
[SourceVersion "1"]
[SourceVersionDate "2008.11.05"]
[SourceQuality "1"]

1. d4 d6 2. c4 e5 3. d5 Nd7 4. e4 Ngf6 5. Nc3 Nc5 6. Qc2 a5 7. Be3 b6 8. f3 Be7 9. 0-0-0 h5 10. g3 h4 11. g4 Nh7 12. Nh3 Ng5 13. Nxg5 Bxg5 14. Qd2 Bxe3 15. Qxe3 g5 16. Kb1 Bd7 17. Bd3 f6 18. Bc2 a4 19. Ne2 b5 20. cxb5 Bxb5 21. Nc1 Qb8 22. Bd3 Bd7 23. Bc2 Ke7 24. Nd3 Na6 25. Qd2 Qb6 26. Qc3 Rhb8 27. Rd2 Bb5 28. Nb4 Nxb4 29. Qxb4 a3 30. b3 Qe3 31. Rdd1 Qxf3 32. Qd2 Qxg4 33. Qc3 Qd7 34. Qf3 Rf8 35. Bd3 Rab8 36. Rhf1 Kd8 37. Rf2 Bxd3+ 38. Rxd3 Rb4 39. Qe3 Qg4 40. Re2 Qf4 41. Kc2 Qxe3 42. Rdxe3 f5 43. exf5 Rxf5 44. Kc3 Rff4 45. h3 Ke7 46. Rc2 Rbd4 47. Rg2 Kf6 48. Kc2 Rxd5 49. b4 Rxb4 50. Rxa3 Rdb5 51. Kc3 d5 52. Ra8 Rc4+ 53. Kd3 e4+ 54. Ke3 Rc3+ 55. Kd2 Rxh3 56. Rf2+ Ke5 57. Kc2 Rc5+ 58. Kb2 Rf3 59. Rg2 Rg3 60. Rh2 h3 61. Re8+ Kd4 62. a4 Rg2+ 0-1

[Event "FRA-chT2 South 0708"]
[Site "France"]
[Date "2007.11.25"]
[Round "3.7"]
[White "Tarayre, Pascal"]
[Black "Birens, Eric Andre"]
[Result "1-0"]
[WhiteElo "1809"]
[BlackElo "2040"]
[PlyCount "43"]
[EventDate "2007.10.21"]
[EventType "team"]
[EventRounds "11"]
[EventCountry "FRA"]
[SourceTitle "EXT 2009"]
[Source "ChessBase"]
[SourceDate "2008.11.26"]
[SourceVersion "1"]
[SourceVersionDate "2008.11.26"]
[SourceQuality "1"]
[WhiteTeam "Tournefeuille"]
[BlackTeam "Monaco"]
[WhiteTeamCountry "FRA"]
[BlackTeamCountry "FRA"]

1. e4 c5 2. d4 cxd4 3. c3 dxc3 4. Nxc3 Nc6 5. Nf3 e6 6. Bc4 Qc7 7. 0-0 Nf6 8. Qe2 Ng4 9. g3 h5 10. Bf4 d6 11. Rfd1 Nce5 12. Bb3 Nxf3+ 13. Qxf3 Ne5 14. Bxe5 dxe5 15. Rac1 Be7 16. Nd5 Qxc1 17. Rxc1 exd5 18. Bxd5 Be6 19. Bxe6 fxe6 20. Rc7 Rh6 21. Qc3 Kd8 22. Rxb7 1-0

[Event "EU-Cup 23rd"]
[Site "Kemer"]
[Date "2007.10.05"]
[Round "3.5"]
[White "Grinshpun, Eduard"]
[Black "Birens, Eric Andre"]
[Result "1-0"]
[WhiteElo "2418"]
[BlackElo "2040"]
[PlyCount "25"]
[EventDate "2007.10.03"]
[EventType "team-swiss"]
[EventRounds "7"]
[EventCountry "TUR"]
[SourceTitle "CBM 121"]
[Source "ChessBase"]
[SourceDate "2007.11.14"]
[SourceVersion "1"]
[SourceVersionDate "2007.11.14"]
[SourceQuality "1"]
[WhiteTeam "Herzliya"]
[BlackTeam "Monte Carlo"]
[WhiteTeamCountry "ISR"]
[BlackTeamCountry "MNC"]

1. Nf3 c5 2. c4 Nc6 3. d4 cxd4 4. Nxd4 Nf6 5. Nc3 e6 6. a3 Bc5 7. Nb3 Be7 8. e4 d6 9. Be2 0-0 10. Be3 b6 11. 0-0 Bb7 12. f3 Rc8 13. Rc1 1-0

[Event "Imperia op-A 49th"]
[Site "Imperia"]
[Date "2007.09.08"]
[Round "8"]
[White "Birens, Eric Andre"]
[Black "Stoppa, Omar"]
[Result "1/2-1/2"]
[WhiteElo "2025"]
[BlackElo "2226"]
[PlyCount "103"]
[EventDate "2007.09.02"]
[EventType "swiss"]
[EventRounds "9"]
[EventCountry "ITA"]
[SourceTitle "EXT 2009"]
[Source "ChessBase"]
[SourceDate "2008.11.26"]
[SourceVersion "1"]
[SourceVersionDate "2008.11.26"]
[SourceQuality "1"]

1. d4 e6 2. c4 Nf6 3. Nc3 c5 4. d5 e5 5. e4 d6 6. Nf3 g6 7. Bd3 Bg7 8. Bg5 h6 9. Bd2 Na6 10. h3 Nc7 11. g4 Bd7 12. Nh2 Nh7 13. Qe2 g5 14. Nf1 Nf8 15. Ng3 Ng6 16. Nh5 Rg8 17. Nd1 Qe7 18. Ne3 Nf4 19. Nxf4 exf4 20. Nd1 Kf8 21. Bc3 b5 22. Bxg7+ Kxg7 23. b3 b4 24. Qb2+ Qf6 25. f3 a5 26. Qxf6+ Kxf6 27. Nb2 a4 28. Kd2 axb3 29. axb3 Ra3 30. Kc2 h5 31. gxh5 Bxh3 32. Rag1 Bd7 33. h6 Ne8 34. h7 Rh8 35. Rh5 g4 36. fxg4 Ke7 37. e5 dxe5 38. Rxe5+ Kd6 39. Rg5 f5 40. gxf5 Rxh7 41. R1g2 Rh3 42. Rf2 Ke5 43. Re2+ Kf6 44. Rg6+ Kf7 45. d6 Re3 46. Rxe3 fxe3 47. Rg3 Nxd6 48. Rxe3 Nxf5 49. Rf3 Kf6 50. Na4 Ke5 51. Bxf5 Bxa4 52. Bh7 1/2-1/2

[Event "Imperia op-A 49th"]
[Site "Imperia"]
[Date "2007.09.05"]
[Round "4"]
[White "Birens, Eric Andre"]
[Black "Barlocco, Carlo"]
[Result "0-1"]
[WhiteElo "2025"]
[BlackElo "2116"]
[PlyCount "96"]
[EventDate "2007.09.02"]
[EventType "swiss"]
[EventRounds "9"]
[EventCountry "ITA"]
[SourceTitle "EXT 2009"]
[Source "ChessBase"]
[SourceDate "2008.11.26"]
[SourceVersion "1"]
[SourceVersionDate "2008.11.26"]
[SourceQuality "1"]

1. d4 d5 2. c4 e6 3. Nc3 a6 4. e3 Nf6 5. Nf3 Be7 6. b3 0-0 7. Bd3 c5 8. Bb2 Nc6 9. 0-0 b6 10. Ne5 Bb7 11. Nxc6 Bxc6 12. cxd5 Nxd5 13. Nxd5 Qxd5 14. Qg4 f5 15. Qh3 Rf6 16. e4 fxe4 17. Bc4 Qd7 18. d5 Bxd5 19. Bxd5 Qxd5 20. Bxf6 Bxf6 21. Rae1 c4 22. bxc4 Qxc4 23. Qb3 b5 24. Qxc4 bxc4 25. Rxe4 c3 26. Rc1 Rd8 27. Kf1 Rd6 28. f4 Kf7 29. g4 g6 30. Kf2 Rd2+ 31. Re2 Rd3 32. Kg2 g5 33. Rf2 Bd4 34. Rff1 Rd2+ 35. Kf3 gxf4 36. Kxf4 Kg6 37. h4 e5+ 38. Ke4 Rg2 39. Kf3 Rxa2 40. h5+ Kg5 41. Kg3 e4 42. Rf5+ Kh6 43. Rd5 Rd2 44. g5+ Kxh5 45. Rh1+ Kg6 46. Rh6+ Kf7 47. Rd7+ Ke8 48. Rhxh7 Be5+ 0-1

[Event "FRA-ch Seniors"]
[Site "Aix les Bains"]
[Date "2007.08.22"]
[Round "8"]
[White "Birens, Eric Andre"]
[Black "Laval, Hubert"]
[Result "1-0"]
[WhiteElo "2021"]
[BlackElo "1910"]
[PlyCount "91"]
[EventDate "2007.08.13"]
[EventType "swiss"]
[EventRounds "11"]
[EventCountry "FRA"]
[SourceTitle "CBM 120 Extra"]
[Source "ChessBase"]
[SourceDate "2007.11.01"]
[SourceVersion "1"]
[SourceVersionDate "2007.11.01"]
[SourceQuality "1"]

1. d4 Nf6 2. c4 e6 3. Nc3 Bb4 4. e3 Bxc3+ 5. bxc3 0-0 6. Nf3 b6 7. Bd3 Bb7 8. 0-0 Ne4 9. Nd2 f5 10. f3 Nxd2 11. Bxd2 d6 12. e4 fxe4 13. fxe4 Rxf1+ 14. Qxf1 Nd7 15. Qe2 Qe7 16. Qh5 Rf8 17. e5 g6 18. exd6 cxd6 19. Qh3 Rf7 20. a4 d5 21. a5 dxc4 22. Bxc4 Bd5 23. Bd3 bxa5 24. c4 Bc6 25. Re1 Nf8 26. Qe3 Qa3 27. h4 a4 28. h5 Qd6 29. hxg6 hxg6 30. Be2 Rh7 31. Qf4 Qxf4 32. Bxf4 Rb7 33. Bd6 Rb2 34. d5 exd5 35. Bf3 Rb7 36. cxd5 Bb5 37. Rc1 Rd7 38. Ba3 Nh7 39. Bg4 Rb7 40. Be6+ Kg7 41. d6 Bd7 42. Bd5 Rb8 43. Rc7 Nf6 44. Be6 g5 45. Bxd7 g4 46. Bxg4+ 1-0